श्री शांति सरोवर / (Record no. 118757)

MARC details
000 -LEADER
fixed length control field 00997nam a22002537a 4500
005 - DATE AND TIME OF LATEST TRANSACTION
control field 20170124103120.0
010 ## - LIBRARY OF CONGRESS CONTROL NUMBER
LC control number 271396
020 ## - INTERNATIONAL STANDARD BOOK NUMBER
Terms of availability 00.00
035 ## - SYSTEM CONTROL NUMBER
System control number 271396
037 ## - SOURCE OF ACQUISITION
Source of stock number/acquisition Cen Lib/Ret
040 ## - CATALOGING SOURCE
Original cataloging agency DPL
Language of cataloging HN
082 ## - DEWEY DECIMAL CLASSIFICATION NUMBER
Classification number 821
Item number हेमराज
100 ## - MAIN ENTRY--PERSONAL NAME
Personal name हेमराज
9 (RLIN) 500
245 ## - TITLE STATEMENT
Title श्री शांति सरोवर /
Statement of responsibility, etc हेमराज
246 ## - VARYING FORM OF TITLE
Title proper/short title Shree shanti sarovar
Remainder of title by Hemraj
260 ## - PUBLICATION, DISTRIBUTION, ETC. (IMPRINT)
Place of publication, distribution, etc नई दिल्ली
Name of publisher, distributor, etc श्री सत्य धर्म मंडल प्रकाशन
270 ## - ADDRESS
Address 12- दरिया गंज
City नई दिल्ली
Postal code 110002
300 ## - PHYSICAL DESCRIPTION
Extent 248पृष्ठ.
Dimensions 18सेमी(सजिल्द)
650 ## - SUBJECT ADDED ENTRY--TOPICAL TERM
Topical term or geographic name as entry element हिंदी साहित्य
9 (RLIN) 81774
650 ## - SUBJECT ADDED ENTRY--TOPICAL TERM
Topical term or geographic name as entry element सत्संग कीर्तन - दोहे
9 (RLIN) 81775
650 ## - SUBJECT ADDED ENTRY--TOPICAL TERM
Topical term or geographic name as entry element Hindi literature
9 (RLIN) 81776
650 ## - SUBJECT ADDED ENTRY--TOPICAL TERM
Topical term or geographic name as entry element Satsang Kirtan - couplet
9 (RLIN) 81777
942 ## - ADDED ENTRY ELEMENTS (KOHA)
Source of classification or shelving scheme Dewey Decimal Classification
Koha item type Hindi Books
Classification part 821
Call number suffix हेमराज
Holdings
Withdrawn status Lost status Damaged status Not for loan Home library Current library Date acquired Source of acquisition Cost, normal purchase price Total Checkouts Full call number Barcode Date last seen Copy number Cost, replacement price Price effective from Koha item type
        Central Library Central Library 12/09/2015 Cen Lib/Ret 0.00   821 हेमराज 271396 12/09/2015 1 0.00 12/09/2015 Hindi Books

© Delhi Public Library
Hit Counter
free hit counter